000 00559nam a2200205 i 4500
001 bgj
100 1 _aNEWBY, Eric
245 1 0 _aA book of travellers' tales /
_cEric Newby.
260 _aLondon :
_bPicador,
_c1986=
_bin association with Collins.
300 _a574 pp :
_bdrawings, maps ;
_c20 cm.
504 _aBibliography p. 553-565.
505 _aIncludes index.
650 9 _aVoyages and travels
020 _a0330293907
040 _cBPK
041 0 _aeng
920 _a0-330-29390-7
942 _cKS
008 s uk f |000 0 eng
999 _c48714
_d48714